<?xml version="1.0" encoding="UTF-8"?>
<record
    xmlns:xsi="http://www.w3.org/2001/XMLSchema-instance"
    xsi:schemaLocation="http://www.loc.gov/MARC21/slim http://www.loc.gov/standards/marcxml/schema/MARC21slim.xsd"
    xmlns="http://www.loc.gov/MARC21/slim">

  <leader>01651nam a2200433 a 4500</leader>
  <controlfield tag="001">dia_1844</controlfield>
  <controlfield tag="003">CHAP</controlfield>
  <controlfield tag="005">20260210095434.0</controlfield>
  <controlfield tag="007">ta</controlfield>
  <controlfield tag="008">220117s1976    mx bd  fr     001 0 spa d</controlfield>
  <datafield tag="010" ind1=" " ind2=" ">
    <subfield code="a">172381</subfield>
  </datafield>
  <datafield tag="040" ind1=" " ind2=" ">
    <subfield code="c">CHAP</subfield>
    <subfield code="a">mxchpua</subfield>
  </datafield>
  <datafield tag="041" ind1=" " ind2=" ">
    <subfield code="a">spa</subfield>
    <subfield code="h">spa</subfield>
  </datafield>
  <datafield tag="050" ind1="1" ind2=" ">
    <subfield code="a">S535.M4</subfield>
    <subfield code="b">.O34 1977</subfield>
  </datafield>
  <datafield tag="082" ind1=" " ind2=" ">
    <subfield code="a">631.75 </subfield>
    <subfield code="b">O34 1977</subfield>
    <subfield code="2">20</subfield>
  </datafield>
  <datafield tag="100" ind1="1" ind2=" ">
    <subfield code="a">Gonz&#xE1;lez Romero, Vicente</subfield>
    <subfield code="9">49369</subfield>
  </datafield>
  <datafield tag="245" ind1="1" ind2="0">
    <subfield code="a">Oferta y demanda de profesores en el Sistema Nacional de Ense&#xF1;anza Agr&#xED;cola Superior en M&#xE9;xico /</subfield>
    <subfield code="c">Vicente Gonz&#xE1;lez Romero...(y otros 5)</subfield>
  </datafield>
  <datafield tag="250" ind1=" " ind2=" ">
    <subfield code="a">1a edici&#xF3;n</subfield>
  </datafield>
  <datafield tag="264" ind1=" " ind2=" ">
    <subfield code="a">M&#xE9;xico :</subfield>
    <subfield code="b">ENA. Colegio de Postgraduados,</subfield>
    <subfield code="c">1976</subfield>
  </datafield>
  <datafield tag="300" ind1=" " ind2=" ">
    <subfield code="a">205 p&#xE1;ginas :</subfield>
    <subfield code="b">mapas, gr&#xE1;ficas, tablas</subfield>
  </datafield>
  <datafield tag="336" ind1=" " ind2=" ">
    <subfield code="2">rdacontent</subfield>
    <subfield code="a">texto</subfield>
    <subfield code="b">txt</subfield>
  </datafield>
  <datafield tag="337" ind1=" " ind2=" ">
    <subfield code="2">rdamedia</subfield>
    <subfield code="a">no mediado</subfield>
    <subfield code="b">n</subfield>
  </datafield>
  <datafield tag="338" ind1=" " ind2=" ">
    <subfield code="2">rdacarrier</subfield>
    <subfield code="a">volumen</subfield>
    <subfield code="b">nc</subfield>
  </datafield>
  <datafield tag="650" ind1="1" ind2="7">
    <subfield code="a">Educaci&#xF3;n agr&#xED;cola</subfield>
    <subfield code="z">M&#xE9;xico</subfield>
    <subfield code="2">atg</subfield>
    <subfield code="9">35552</subfield>
  </datafield>
  <datafield tag="650" ind1="1" ind2="7">
    <subfield code="a">Educaci&#xF3;n agr&#xED;cola</subfield>
    <subfield code="x">Formaci&#xF3;n docente</subfield>
    <subfield code="9">35519</subfield>
    <subfield code="2">atg</subfield>
  </datafield>
  <datafield tag="650" ind1="1" ind2="3">
    <subfield code="a">Docentes</subfield>
    <subfield code="x">Salarios y remuneraci&#xF3;n</subfield>
    <subfield code="9">189297</subfield>
    <subfield code="2">atg</subfield>
  </datafield>
  <datafield tag="650" ind1="1" ind2="3">
    <subfield code="a">Agricultural education</subfield>
    <subfield code="z">Mexico  </subfield>
    <subfield code="2">atg</subfield>
    <subfield code="9">150107</subfield>
  </datafield>
  <datafield tag="650" ind1="1" ind2="3">
    <subfield code="a">Agricultural education</subfield>
    <subfield code="z">Mexico  </subfield>
    <subfield code="2">atg</subfield>
    <subfield code="9">150107</subfield>
    <subfield code="x">Teacher education</subfield>
  </datafield>
  <datafield tag="650" ind1="1" ind2="3">
    <subfield code="a">Teachers</subfield>
    <subfield code="2">atg</subfield>
    <subfield code="9">189298</subfield>
    <subfield code="x">Wages and remuneration</subfield>
  </datafield>
  <datafield tag="700" ind1="1" ind2=" ">
    <subfield code="a">Carrillo Liz, Alfonso</subfield>
    <subfield code="9">19506</subfield>
    <subfield code="e">autor</subfield>
  </datafield>
  <datafield tag="700" ind1="1" ind2=" ">
    <subfield code="a">Herrera Haro, Jos&#xE9; G.</subfield>
    <subfield code="9">54890</subfield>
    <subfield code="e">autor</subfield>
  </datafield>
  <datafield tag="700" ind1="1" ind2=" ">
    <subfield code="a">Bastida Casta&#xF1;eda, Roberto R.</subfield>
    <subfield code="9">10741</subfield>
    <subfield code="e">autor</subfield>
  </datafield>
  <datafield tag="700" ind1="1" ind2=" ">
    <subfield code="a">Ba&#xF1;os Ba&#xF1;os, Francisco</subfield>
    <subfield code="e">autor</subfield>
    <subfield code="9">9989</subfield>
  </datafield>
  <datafield tag="700" ind1="1" ind2=" ">
    <subfield code="a">Burguete Hern&#xE1;ndez, Jos&#xE9; Francisco</subfield>
    <subfield code="9">16187</subfield>
    <subfield code="e">autor</subfield>
  </datafield>
  <datafield tag="901" ind1=" " ind2=" ">
    <subfield code="a">631.75 O34 1976</subfield>
  </datafield>
  <datafield tag="902" ind1=" " ind2=" ">
    <subfield code="a">M</subfield>
  </datafield>
  <datafield tag="905" ind1=" " ind2=" ">
    <subfield code="a">0000001976                          MEXX   0000000000ESP00</subfield>
  </datafield>
  <datafield tag="942" ind1=" " ind2=" ">
    <subfield code="c">LIBRO</subfield>
    <subfield code="2">ddc</subfield>
  </datafield>
  <datafield tag="999" ind1=" " ind2=" ">
    <subfield code="c">172381</subfield>
    <subfield code="d">172381</subfield>
  </datafield>
  <datafield tag="952" ind1=" " ind2=" ">
    <subfield code="0">0</subfield>
    <subfield code="1">0</subfield>
    <subfield code="2">ddc</subfield>
    <subfield code="4">0</subfield>
    <subfield code="5">1</subfield>
    <subfield code="7">0</subfield>
    <subfield code="8">GRAL</subfield>
    <subfield code="a">IA_</subfield>
    <subfield code="b">IA_</subfield>
    <subfield code="d">2022-01-18</subfield>
    <subfield code="e">Donaci&#xF3;n</subfield>
    <subfield code="i">Donaci&#xF3;n</subfield>
    <subfield code="l">0</subfield>
    <subfield code="o">631.75 O34 1976</subfield>
    <subfield code="p">1102001176</subfield>
    <subfield code="r">2022-01-18 00:00:00</subfield>
    <subfield code="t">Ej.1</subfield>
    <subfield code="w">2022-01-18</subfield>
    <subfield code="y">LIBRO</subfield>
  </datafield>
</record>
